000 00781nam a2200253 a 4500
008
020 _a0073533130 (pbk.)
049 _aMAIN
090 _aPE1417
_bMUL
100 _aMuller, Gilbert H.
245 1 0 _aThe McGraw-Hill reader :
_bissues across the disciplines /
_cGilbert H. Muller.
250 _a10th ed.
260 _aBoston :
_bMcGraw-Hill,
_c2008.
300 _axxxviii, 915 [26] p. :
_bill. ;
_c23 cm.
500 _aIncludes index.
504 _aIncludes bibliographical references.
650 _aInterdisciplinary approach in education
_xProblems.
650 1 _aCollege readers.
907 _a.b10289227
_b21-05-12
_c06-01-11
003
005 20230123125357.0
040 _cNUST
942 _cBOOKS
_kPE1417
_mMUL
999 _c140481
_d140481